000 00709nmm a2200229Ia 4500
008 251105s9999||||xx |||||||||||||||||und||
020 _a9786071612151
041 _aspa
100 _aCordera, Rolando
245 0 _aLos determinantes sociales de la salud en México
264 _a[México D.C., Mexico] :
_bFondo de Cultura Económica,
_c2013
300 _a654 páginas
490 _aBiblioteca de la Salud
650 _aSocial Sciences (General)
700 _aCordera, Rolando
700 1 _a Murayama, Ciro
700 1 _a Cordera, Rolando
700 1 _a Murayama, Ciro
700 1 _a Chertorivski Woldenberg, Salomón
856 _uhttps://public.digitaliapublishing.com/a/43259
942 _cCF
999 _c64199
_d64199